|
|
|
|
| LEADER |
00765cam a22002055i 4500 |
| 005 |
20160328134259.0 |
| 008 |
160328b xxu||||| |||| 00| 0 eng d |
| 020 |
|
|
|a 9780199452736
|
| 082 |
0 |
4 |
|a 330.12
|b LAL
|
| 100 |
1 |
|
|a Som, Lalita S.
|
| 245 |
1 |
4 |
|a The capitals of nations :
|b the role of human, social, and institutional capital in economic evolution /
|c Lalita Som
|
| 250 |
|
|
|a 1st ed.
|
| 260 |
|
|
|a New Delhi :
|b Oxford University Press,
|c 2014.
|
| 300 |
|
|
|a 273p.
|
| 650 |
|
0 |
|a Capitalism.
|
| 650 |
|
0 |
|a Economic policy.
|
| 650 |
|
0 |
|a Economic development.
|
| 942 |
|
|
|2 ddc
|c BK
|
| 999 |
|
|
|c 14381
|d 14381
|
| 952 |
|
|
|0 0
|1 0
|2 ddc
|4 0
|6 330_120000000000000_LAL
|7 0
|9 20519
|a MAIN
|b MAIN
|d 2016-03-28
|e Calicut Books
|g 995.00
|l 1
|o 330.12 LAL
|p 20565
|r 2017-12-22
|s 2017-11-21
|t 1
|w 2016-03-28
|y BK
|